Catálogo
 En Linea

De las independencias iberoamericanas a los estados nacionales (1810- 1850) : (Registro nro. 40059)

Detalles MARC
000 -CABECERA
campo de control de longitud fija 00901nam a2200217 a 4500
001 - NÚMERO DE CONTROL
campo de control 000040569
005 - FECHA Y HORA DE LA ÚLTIMA TRANSACCIÓN
campo de control 20201002034224.0
008 - DATOS DE LONGITUD FIJA--INFORMACIÓN GENERAL
campo de control de longitud fija 130902s2009 sp 000 0 spa d
020 ## - NÚMERO INTERNACIONAL ESTÁNDAR DEL LIBRO
Número Internacional Estándar del Libro 9788484894957
040 ## - FUENTE DE LA CATALOGACIÓN
Centro catalogador/agencia de origen DO-SdBNP
Lengua de catalogación spa
Centro/agencia transcriptor BNPHU
245 00 - MENCIÓN DE TÍTULO
Título De las independencias iberoamericanas a los estados nacionales (1810- 1850) :
Resto del título 200 años de historia /
Mención de responsabilidad, etc. ediores Ivana Frasquet y Andrés Slemian.
260 ## - PUBLICACIÓN, DISTRIBUCIÓN, ETC.
Lugar de publicación, distribución, etc. Madrid :
Nombre del editor, distribuidor, etc. Iberoamericana,
Fecha de publicación, distribución, etc. 2009.
300 ## - DESCRIPCIÓN FÍSICA
Extensión 337 p. ;
Dimensiones 23 cm.
490 1# - MENCIÓN DE SERIE
Mención de serie Estudios AHILA de historia latinoamericana ;
Designación de volumen o secuencia 6
500 ## - NOTA GENERAL
Nota general Precede al título : Asociación de Historiadores Latinoamericanos Europeos
504 ## - NOTA DE BIBLIOGRAFÍA, ETC.
Nota de bibliografía, etc. Bibliografía : p. 295-337
500 ## - NOTA GENERAL
Nota general Incluye referencias bibliográficas y notas al pie de las páginas
700 1# - PUNTO DE ACCESO ADICIONAL--NOMBRE DE PERSONA
Nombre de persona Frasquet, Ivana
9 (RLIN) 66894
700 1# - PUNTO DE ACCESO ADICIONAL--NOMBRE DE PERSONA
Nombre de persona Slemian, Andrea
9 (RLIN) 66895
830 #0 - PUNTO DE ACCESO ADICIONAL DE SERIE-TÍTULO UNIFORME
Título uniforme Estudios AHILA de historia latinoamericana ;
Número de parte o sección de la obra 6
9 (RLIN) 66896
Existencias
Estado de retiro Estado de pérdida Restricciones de uso No para préstamo Código de colección Localización permanente Ubicación/localización actual Ubicación en estantería Fecha de adquisición Número de inventario Total de préstamos Signatura topográfica completa Código de barras Fecha visto por última vez Precio válido a partir de Tipo de ítem Koha
      Excluido de préstamo Monografías: Libros y Folletos General General En catalogación 02.09.2013 LF1   40569-10 25.06.2020 25.06.2020 No se presta

Con tecnología Koha